书目信息 |
| 题名: |
古典吉他渐进教程
|
|
| 作者: | 姜宏义 编著 | |
| 分册: | ||
| 出版信息: | 北京 航空工业出版社 2006.04 |
|
| 页数: | 231页 | |
| 开本: | 26cm | |
| 丛书名: | ||
| 单 册: | ||
| 中图分类: | J623.26 | |
| 科图分类: | ||
| 主题词: | 六玄琴--liu xuan qin--奏法--教材 | |
| 电子资源: | ||
| ISBN: | 7-80183-688-X | |
| 000 | 00840nam0 2200229 450 | |
| 001 | 012007150905 | |
| 005 | 20070927091911.64 | |
| 010 | @a7-80183-688-X@dCNY32.00 (含光盘) | |
| 100 | @a20070725d2006 km y0chiy0120 ea | |
| 101 | 0 | @achi |
| 102 | @aCN@b110000 | |
| 105 | @ag z 000yy | |
| 200 | 1 | @a古典吉他渐进教程@Agu dian ji ta jian jin jiao cheng@f姜宏义编著@Fjiang hong yi bian zhu |
| 210 | @a北京@c航空工业出版社@d2006.04 | |
| 215 | @a231页@c乐谱@d26cm@e光盘1片 | |
| 307 | @a光盘 ISRC : CN-C08-05-0164-0 | |
| 330 | @a本书作者结合自己多年的教学经验,大量研究借鉴其他门类器乐的成功经验,从学习者的实际接受能力出发,科学合理地安排教学内容,是古典音乐教学的较好读本。 | |
| 606 | 0 | @a六玄琴@Aliu xuan qin@x奏法@j教材 |
| 690 | @aJ623.26@v4 | |
| 701 | 0 | @a姜宏义@Ajiang hong yi@4编著 |
| 801 | 0 | @aCN@c20070927 |
| 905 | @dJ623.26@eJ518 | |
| 古典吉他渐进教程/姜宏义编著.-北京:航空工业出版社,2006.04 |
| 231页:乐谱;26cm+光盘1片 |
| ISBN 7-80183-688-X:CNY32.00 (含光盘) |
| 本书作者结合自己多年的教学经验,大量研究借鉴其他门类器乐的成功经验,从学习者的实际接受能力出发,科学合理地安排教学内容,是古典音乐教学的较好读本。 |
| ● |
| 相关链接 |
|
|
|
正题名:古典吉他渐进教程
索取号:J623.26/J518
 
预约/预借
| 序号 | 登录号 | 条形码 | 馆藏地/架位号 | 状态 | 备注 |
| 1 | 246815 | 202468150 | 社科库309/309社科库 92排4列3层/ [索取号:J623.26/J518] | 在馆 | |
| 2 | 246816 | 202468169 | 社科库309/309社科库 92排4列3层/ [索取号:J623.26/J518] | 在馆 | |
| 3 | 246817 | 202468178 | 社科库309/309社科库 92排4列3层/ [索取号:J623.26/J518] | 在馆 |